Т. 65, вып. 10; Известия вузов. Химия и химическая технология

Detalhes bibliográficos
Parent link:Известия вузов. Химия и химическая технология: научно-технический журнал/ Ивановский государственный химико-технологический университет. Т. 65, вып. 10.— , 1958-2017, 2022-
Resumo:Режим доступа: по договору с организацией-держателем ресурса
Idioma:russo
Publicado em: 2022
Acesso em linha:https://www.elibrary.ru/contents.asp?id=49326109
http://ctj.isuct.ru/issue/view/173
Formato: Recurso Electrónico Livro
KOHA link:https://koha.lib.tpu.ru/cgi-bin/koha/opac-detail.pl?biblionumber=587701

MARC

LEADER 00000nam2a2200000 4500
001 587701
005 20231101131453.0
035 |a (RuTPU)RU\TPU\prd\290380 
035 |a RU\TPU\prd\290256 
090 |a 587701 
100 |a 20220921a19589999k y0rusy50 ca 
101 0 |a rus 
102 |a RU 
181 0 |a i  
182 0 |a b 
200 0 |a Т. 65, вып. 10  |b Электронный ресурс 
203 |a Текст  |c электронный 
210 |d 2022 
333 |a Режим доступа: по договору с организацией-держателем ресурса 
461 1 |0 (RuTPU)RU\TPU\prd\192  |t Известия вузов. Химия и химическая технология  |o научно-технический журнал  |f Ивановский государственный химико-технологический университет  |v Т. 65, вып. 10  |d 1958-2017, 2022- 
801 0 |a RU  |b 63413507  |c 20010227  |g PSBO 
801 1 |a RU  |b 63413507  |c 20170824 
801 2 |a RU  |b 63413507  |c 20220921  |g RCR 
856 4 0 |u https://www.elibrary.ru/contents.asp?id=49326109 
856 4 0 |u http://ctj.isuct.ru/issue/view/173 
942 |c BK